El cepillo de dientes

Saved in:
Bibliografiske detaljer
Hovedforfatter: Díaz, Jorge (Author)
Format: Bog
Sprog:spansk
Udgivet: Santiago Zig-Zag 2010
Udgivelse:17a. ed
Serier:Viento Joven
Fag:
Tags: Tilføj Tag
Ingen Tags, Vær først til at tagge denne postø!

MARC

LEADER 00000cam a2200000 a 4500
001 UCG9473
003 CL-VaPUC
008 120316e20101200CL |||||||||||||||||spa|d
020 |a 9789561214118 
082 0 4 |a Ch862  |b DIA  |2 21 
100 0 |a Díaz, Jorge  |e author  |9 561054 
245 1 3 |a El cepillo de dientes 
246 1 3 |a El velero en la botella 
250 |a 17a. ed 
300 |a 141 p 
942 |c BK 
945 |d 20120316 00:00:00  |a dcastane 
260 |a Santiago  |b Zig-Zag  |c 2010 
650 0 |a Teatro chileno  |9 266701 
650 0 |a Dramas chilenos  |9 313819 
650 7 |a TEATRO DEL ABSURDO  |2 CL-VaPUC  |9 318944 
583 |a last modification  |c 20120316 11:38:00  |k Rodrigo Vera 
490 0 |a Viento Joven 
999 |c 347025  |d 347023